[Event "Druzynowe Mistrzostwa Polski Juniorow 2019 - II Liga"]
[Site "Szczyrk"]
[Date "1899-12-30"]
[Round "7.80"]
[White "Gabzdyl, Mateusz"]
[Black "Chaczynski, Kamil"]
[Result "0-1"]
[WhiteTitle "II"]
[BlackTitle "I"]
[WhiteElo "1222"]
[BlackElo "1738"]

1. d4 Nf6 2. Nf3 g6 3. c4 Bg7 4. Nc3 O-O 5. Bf4 d5 6. e3 c5 7. Qb3 e6 8. dxc5 Qa5
9. Be2 Ne4 10. Be5 Nxc5 11. Qc2 Bxe5 12. Nxe5 Nc6 13. Nxc6 bxc6 14. O-O Rb8 15.
b3 Ba6 16. cxd5 cxd5 17. Bxa6 Nxa6 18. Na4 Rfc8 19. Qe2 Rc6 20. Rfc1 Rbc8 21.
Rxc6 Rxc6 22. a3 Qc7 23. Rd1 Nc5 24. Nxc5 Rxc5 25. Qb2 Rc2 26. Qa1 Rc3 27. Qb2
a5 28. g3 Rc2 29. Qa1 Qc5 30. Re1 Qb5 31. Rb1 Qe2 32. Rf1 Qd2 33. Qe5 Rc8 34.
Qd6 Qb2 35. Qd7 Rb8 36. Qa4 Rxb3 37. Qxa5 Rxa3 38. Qd8+ Kg7 39. Qd6 Rd3 40. Re1
Rd2 41. Qf4 e5 42. Qf3 Rc2 43. Rd1 Rd2 44. Re1 h5 45. h4 Qc3 46. Rb1 d4 47. Rb6
Qc1+ 48. Kg2 Qc7 49. Qf6+ Kh7 50. Rd6 dxe3 51. Rxd2 exd2 52. Qf3 e4 53. Qb3 Qd7
54. Qd1 Qd3 0-1

[Event "Druzynowe Mistrzostwa Polski Juniorow 2019 - II Liga"]
[Site "Szczyrk"]
[Date "1899-12-30"]
[Round "7.81"]
[White "Tadych, Olgierd"]
[Black "Wieczorek, Karol"]
[Result "0-1"]
[WhiteTitle "II"]
[BlackTitle "II+"]
[WhiteElo "1287"]
[BlackElo "1502"]

1. e4 e5 2. Nf3 Nc6 3. Nc3 Nf6 4. Bc4 Nxe4 5. Nxe4 d5 6. Bxd5 Qxd5 7. Nc3 Qd8 8.
O-O Bg4 9. d3 Bc5 10. h3 Bh5 11. Bd2 Nd4 12. Re1 Nxf3+ 13. gxf3 Bd6 14. Ne4 O-O
15. Ng3 Bg6 16. Bc3 Qh4 17. Kg2 Rae8 18. Qd2 f5 19. Re2 f4 20. Ne4 Bh5 21. Rh1
Re6 22. Ree1 Rg6+ 23. Kh2 Bxf3 24. Rhg1 Qxh3+ 25. Kxh3 Rh6# 0-1

[Event "Druzynowe Mistrzostwa Polski Juniorow 2019 - II Liga"]
[Site "Szczyrk"]
[Date "1899-12-30"]
[Round "7.82"]
[White "Grzybek, Mikolaj"]
[Black "Kaczmarek, Jan"]
[Result "1-0"]
[WhiteTitle "II"]
[BlackTitle "II"]
[WhiteElo "1305"]
[BlackElo "1000"]

1. e4 c5 2. Nf3 g6 3. d4 cxd4 4. Nxd4 Nc6 5. Nc3 Bg7 6. Be3 Nf6 7. Qd2 Ng4 8. Nxc6
bxc6 9. Bd4 Nf6 10. Bc4 O-O 11. O-O-O d6 12. h3 c5 13. Bxf6 Bxf6 14. f4 Bb7 15.
Bd5 Qb6 16. Bxb7 Qxb7 17. Qd5 Rab8 18. Qxb7 Rxb7 19. Na4 Rb4 20. e5 dxe5 21. Nxc5
Rxf4 22. Nd7 Rc8 23. Nxf6+ exf6 24. Rhf1 Rxf1 25. Rxf1 f5 26. c3 Kg7 27. Kd2 Re8
28. Ke2 f4 29. Rd1 Re7 30. Rd6 f5 31. c4 g5 32. c5 g4 33. hxg4 fxg4 34. c6 e4
35. Rd7 f3+ 36. gxf3 exf3+ 37. Kf2 Kf6 38. c7 Re2+ 39. Kg3 Rc2 40. Rxh7 f2 41.
Kg2 Kg6 42. Rd7 g3 43. Rd3 Kh5 44. Rxg3 Rxc7 45. Rf3 f1=Q+ 46. Rxf1 Rc2+ 47. Rf2
Rc4 48. Kf3 Kg6 49. Ke3 Ra4 50. a3 a6 51. Rf4 Rxf4 52. Kxf4 Kf6 53. Ke4 Ke6 54.
Kd4 Kd6 55. Kc4 Kc6 56. b3 Kb6 57. Kd5 Kb5 58. Kd6 Kb6 59. a4 Ka5 60. Kc6 Kb4
61. Kb6 Kxb3 62. a5 Kc4 63. Kxa6 1-0

[Event "Druzynowe Mistrzostwa Polski Juniorow 2019 - II Liga"]
[Site "Szczyrk"]
[Date "1899-12-30"]
[Round "7.83"]
[White "Niemier, Martyna"]
[Black "Zamarska, Sylwia"]
[Result "0-1"]
[WhiteTitle "II"]
[BlackTitle "I++"]
[WhiteElo "1163"]
[BlackElo "1628"]

1. d4 f5 2. g3 e6 3. Bg2 Nf6 4. c4 Bb4+ 5. Bd2 Bxd2+ 6. Qxd2 O-O 7. Nh3 d6 8. O-O
Nbd7 9. Nc3 e5 10. e4 fxe4 11. Nxe4 Nxe4 12. Bxe4 Nb6 13. Kg2 Qe8 14. b3 Qh5 15.
Ng5 h6 16. Nf3 Bh3+ 17. Kg1 Bxf1 18. Qd1 Bh3 19. dxe5 Bg4 20. Bd5+ Kh8 21. exd6
cxd6 22. Bxb7 Bxf3 23. Bxf3 Qxf3 24. Qxd6 Qxf2+ 25. Kh1 Rae8 26. Qd1 Re2 27. Qg1
Qf3+ 28. Qg2 Qxg2# 0-1

[Event "Druzynowe Mistrzostwa Polski Juniorow 2019 - II Liga"]
[Site "Szczyrk"]
[Date "1899-12-30"]
[Round "7.84"]
[White "Wasowicz, Anna"]
[Black "Gac-mytych, Sara"]
[Result "1/2-1/2"]
[WhiteTitle "II"]
[BlackTitle "II"]
[WhiteElo "1000"]
[BlackElo "1043"]

1. e4 e5 2. Nf3 Nc6 3. d4 exd4 4. Nxd4 Bc5 5. Be3 Qf6 6. c3 Nge7 7. Be2 b6 8. O-O
Bb7 9. Bf3 O-O-O 10. Re1 Rdg8 11. Nxc6 Bxc6 12. Bxc5 bxc5 13. Re3 Qe5 14. Na3
g5 15. h3 Qf4 16. Qe2 Rg7 17. Bg4 Rgg8 18. Rd1 Rd8 19. Qa6+ Kb8 20. c4 h5 21.
Rb3+ Ka8 22. Bf5 Rb8 23. Rdd3 Qc1+ 24. Kh2 Qf4+ 25. Kg1 Qc1+ 26. Kh2 Qf4+ 27.
Kg1 Qc1+ 28. Kh2 Qf4+ 29. Kg1 Qc1+ 30. Kh2 Qf4+ 31. Kg1 Qc1+ 32. Kh2 Qf4+ 1/2-1/2

[Event "Druzynowe Mistrzostwa Polski Juniorow 2019 - II Liga"]
[Site "Szczyrk"]
[Date "1899-12-30"]
[Round "7.85"]
[White "Laszczak, Przemyslaw"]
[Black "Trybus, Daniel"]
[Result "1-0"]
[WhiteTitle "k"]
[BlackTitle "I++"]
[WhiteElo "1942"]
[BlackElo "1957"]

1. d4 c5 2. c3 cxd4 3. cxd4 d5 4. Nf3 Nc6 5. e3 Bf5 6. Bd3 Bxd3 7. Qxd3 e6 8. Ne5
Bd6 9. f4 Nf6 10. Nc3 O-O 11. O-O Rc8 12. Bd2 Nb4 13. Qb1 a6 14. a3 Nc6 15. Rf3
Na5 16. b3 Qb6 17. Na4 Qxb3 18. Nb6 Rc2 19. Bxa5 Rb2 20. Qd3 Qxd3 21. Nxd3 Rb5
22. a4 Rxa5 23. Rff1 Bc7 24. Rfb1 Ne4 25. Nc1 Nd2 26. Rb2 Nc4 27. Nxc4 dxc4 28.
Rxb7 Rc8 29. Ne2 Rd5 30. Nc3 Rd6 31. Ne4 Rc6 32. Rc1 Bb6 33. Kf2 Kf8 34. Ng5 f6
35. Ne4 c3 36. Rc2 h6 37. g4 Ba5 38. Nc5 Kg8 39. f5 e5 40. Ne6 exd4 41. exd4 Kh8
42. Ke3 g6 43. Nf4 R8c7 44. Rb8+ Rc8 45. Nxg6+ Kg7 46. Ne7 Rxb8 47. Nxc6 Rb2 48.
Kd3 Bc7 49. Rxb2 cxb2 50. Kc2 Bxh2 51. Kxb2 h5 52. gxh5 Kh6 53. Kc3 Kxh5 54. Kd3
Kg5 55. Ke4 Bc7 56. Ne7 1-0

[Event "Druzynowe Mistrzostwa Polski Juniorow 2019 - II Liga"]
[Site "Szczyrk"]
[Date "1899-12-30"]
[Round "7.86"]
[White "Lendzion, Kamil"]
[Black "Kaluza, Maksymilian"]
[Result "1-0"]
[WhiteTitle "I"]
[BlackTitle "II+"]
[WhiteElo "1795"]
[BlackElo "1549"]

1. e4 c5 2. Nf3 g6 3. d4 cxd4 4. Nxd4 Bg7 5. Nc3 Nc6 6. Be3 Nf6 7. Bc4 Qa5 8. f3
Qb4 9. Bb3 Nxe4 10. Nxc6 Bxc3+ 11. bxc3 Qxc3+ 12. Ke2 dxc6 13. Qd4 Qxd4 14. Bxd4
Nf6 15. Kf2 Be6 16. Rhe1 O-O-O 17. c3 Rd6 18. Bxe6+ fxe6 19. Bxa7 Rd2+ 20. Re2
Rhd8 21. Bc5 R8d7 22. Rae1 Kc7 23. Kg3 Nh5+ 24. Kg4 b6 25. Ba3 c5 26. g3 R2d3
27. Re3 Ng7 28. Bb2 c4 29. Re4 b5 30. a4 Nh5 31. Rxe6 Nf6+ 32. Kg5 R3d5+ 33. R1e5
Rxe5+ 34. Rxe5 Rd5 35. Rxd5 Nxd5 36. axb5 Kb6 37. Kh6 Kxb5 38. Kxh7 Ka4 39. Kxg6
Kb3 40. Bc1 Kxc3 41. h4 Kc2 42. Bg5 Kd3 43. h5 c3 44. h6 c2 45. h7 Ne3 46. Bxe3
1-0

[Event "Druzynowe Mistrzostwa Polski Juniorow 2019 - II Liga"]
[Site "Szczyrk"]
[Date "1899-12-30"]
[Round "7.87"]
[White "Krawczak, Patryk"]
[Black "Pazdzierz, Piotr"]
[Result "0-1"]
[WhiteTitle "II"]
[BlackTitle "I"]
[WhiteElo "1117"]
[BlackElo "1722"]

1. e4 c5 2. Nc3 Nc6 3. f4 g6 4. Nf3 Bg7 5. Bc4 d6 6. h3 e6 7. O-O Nge7 8. d3 O-O
9. Qe1 Na5 10. Bb3 Nxb3 11. axb3 Nc6 12. Bd2 b6 13. Qg3 Nb4 14. Rac1 d5 15. Qe1
Ba6 16. exd5 exd5 17. g4 Nxc2 18. Rxc2 Bxd3 19. Rc1 Bxf1 20. Qxf1 d4 21. Ne4 Qd5
22. Qd3 Rfe8 23. Ng3 a6 24. f5 Bf8 25. Ng5 Be7 26. h4 Bxg5 27. Bxg5 b5 28. h5
f6 29. Bd2 g5 30. Kf2 h6 31. Qf3 Rad8 32. Qxd5+ Rxd5 33. Kf3 Rde5 34. Ra1 Ra8
35. Ne4 Kg7 36. Rc1 Rc8 37. Bb4 c4 38. Nd6 Rc6 39. bxc4 Re3+ 40. Kf2 Rb3 41. Ba3
b4 42. Bxb4 Rxb4 43. c5 Rxb2+ 44. Kf3 d3 45. Ke3 Rc2 46. Rd1 R2xc5 47. Rxd3 Rc3
48. Rxc3 Rxc3+ 49. Kd4 Rg3 50. Kc5 Rxg4 0-1

[Event "Druzynowe Mistrzostwa Polski Juniorow 2019 - II Liga"]
[Site "Szczyrk"]
[Date "1899-12-30"]
[Round "7.88"]
[White "Mocko, Maciej"]
[Black "Olszewski, Antoni"]
[Result "1-0"]
[WhiteTitle "II"]
[BlackTitle "II"]
[WhiteElo "1385"]
[BlackElo "1380"]

1. d3 e5 2. Nf3 Nc6 3. g3 Bc5 4. Bg2 d6 5. O-O Nf6 6. Nbd2 O-O 7. Nb3 Bb6 8. a4
a5 9. e4 Be6 10. c3 Qd7 11. Bg5 Qe7 12. Nbd2 h6 13. Be3 Bxe3 14. fxe3 Ng4 15.
Qe2 f5 16. exf5 Rxf5 17. Nh4 Rf7 18. Rxf7 Qxf7 19. Rf1 Qh5 20. Ne4 d5 21. Nc5
Bc8 22. Bxd5+ Kh7 23. Rf8 Qg5 24. Bg8+ Kh8 25. Bf7+ Kh7 26. Bg6+ 1-0

[Event "Druzynowe Mistrzostwa Polski Juniorow 2019 - II Liga"]
[Site "Szczyrk"]
[Date "1899-12-30"]
[Round "7.89"]
[White "Nowacka, Dorota"]
[Black "Libura, Julianna"]
[Result "1/2-1/2"]
[WhiteTitle "I+"]
[BlackTitle "I"]
[WhiteElo "1576"]
[BlackElo "1591"]

1. d4 d5 2. Bf4 Nf6 3. e3 c5 4. Nd2 Nc6 5. c3 Bf5 6. Ngf3 Qb6 7. Qc1 g6 8. Nh4
Bd7 9. Bd3 Bg7 10. O-O O-O 11. h3 Nh5 12. Bh2 cxd4 13. exd4 Nxd4 14. g4 Bf6 15.
Ng2 Ng7 16. cxd4 Qxd4 17. Qb1 Qb4 18. Nb3 a5 19. Qe1 Bxb2 20. Rb1 Bc3 21. Qe2
Bc6 22. Be5 Bxe5 23. Qxe5 Ne6 24. Rfc1 Rfe8 25. Rd1 a4 26. Nc1 Qa5 27. Ne3 Nd8
28. Ne2 f6 29. Qf4 Rf8 30. Qh6 Nf7 31. Qf4 Nd6 32. Qb4 Qd8 33. Nf4 Qa5 34. Ne6
Qxb4 35. Rxb4 Rfc8 36. Be2 Kf7 37. Nf4 e6 38. Rb6 Ra5 39. Rc1 Ke7 40. Nd3 Kd7
41. Nc5+ Ke7 42. Nd3 Kd7 43. Nf4 Ke7 1/2-1/2

[Event "Druzynowe Mistrzostwa Polski Juniorow 2019 - II Liga"]
[Site "Szczyrk"]
[Date "1899-12-30"]
[Round "7.90"]
[White "Anyz, Monika"]
[Black "Zalewska, Malgorzata"]
[Result "1-0"]
[WhiteTitle "I+"]
[BlackTitle "I"]
[WhiteElo "1404"]
[BlackElo "1000"]

1. e4 e6 2. d4 d5 3. e5 c5 4. Nf3 Nc6 5. Bd3 cxd4 6. O-O Bc5 7. a3 a6 8. Nbd2 Nge7
9. Nb3 Bb6 10. Re1 O-O 11. Bxh7+ Kh8 12. Bd3 f6 13. exf6 gxf6 14. Nfxd4 Qe8 15.
Qg4 Rf7 16. Re3 Qg8 17. Rh3+ Rh7 18. Rxh7+ Qxh7 19. Bxh7 Kxh7 20. Nxc6 Nxc6 21.
Qh4+ Kg7 22. Be3 Bxe3 23. fxe3 Ne5 24. Rf1 Nd7 25. Nd4 e5 26. Nf5+ Kf7 27. Qh7+
Ke6 28. Qe7# 1-0

[Event "Druzynowe Mistrzostwa Polski Juniorow 2019 - II Liga"]
[Site "Szczyrk"]
[Date "1899-12-30"]
[Round "7.91"]
[White "Kucharski, Bartlomiej"]
[Black "Strzelecki, Maciej"]
[Result "1-0"]
[WhiteTitle "I++"]
[BlackTitle "k"]
[WhiteElo "1952"]
[BlackElo "1955"]

1. d4 d5 2. Bf4 c5 3. e3 Nf6 4. c3 Qb6 5. Qb3 c4 6. Qc2 Nc6 7. Nf3 Bf5 8. Qc1 e6
9. Be2 h6 10. h3 Be7 11. O-O O-O 12. Nbd2 Qa5 13. Bd1 b5 14. b4 Qb6 15. a4 bxa4
16. Bxa4 a5 17. b5 Na7 18. Qb2 Rfd8 19. Ne5 Rac8 20. Ra2 Bf8 21. Rfa1 Ne8 22.
e4 Bh7 23. exd5 exd5 24. Bc2 Bxc2 25. Qxc2 Nxb5 26. Rxa5 Ned6 27. Qb2 Qb7 28.
Rb1 Rb8 29. Ng4 Qb6 30. Qb4 Ne4 31. Qxb5 Qxb5 32. Raxb5 Rxb5 33. Rxb5 Nxc3 34.
Rb8 Rxb8 35. Bxb8 Ne2+ 36. Kf1 Nxd4 37. Be5 Nc6 38. Ba1 Bb4 39. Ke2 Bxd2 40. Kxd2
d4 41. Nh2 c3+ 42. Kc2 f5 43. Nf3 Kf7 44. Kb3 Ke6 45. Kc4 Na5+ 46. Kb4 Kd5 47.
Kxa5 Kc4 48. Nxd4 Kxd4 49. Kb4 Kd3 50. Bxc3 Ke2 51. Bd4 Kf1 52. g3 g5 53. h4 Kg2
54. hxg5 hxg5 55. Kc4 Kf3 56. Kd5 f4 57. gxf4 Kxf4 58. Be5+ Kf3 59. Bg3 1-0

[Event "Druzynowe Mistrzostwa Polski Juniorow 2019 - II Liga"]
[Site "Szczyrk"]
[Date "1899-12-30"]
[Round "7.92"]
[White "Guzik, Natalia"]
[Black "Wolak, Kamil"]
[Result "1-0"]
[WhiteTitle "I++"]
[BlackTitle "I"]
[WhiteElo "1638"]
[BlackElo "1619"]

1. e4 c5 2. Nf3 Nc6 3. Nc3 e5 4. Bc4 d6 5. d3 Be7 6. Nd2 Be6 7. Nf1 Nf6 8. Ne3
O-O 9. O-O Na5 10. Ned5 Bxd5 11. Nxd5 Nxe4 12. Nxe7+ Qxe7 13. Bxf7+ Rxf7 14. dxe4
Qe6 15. b3 Rd8 16. Be3 b6 17. Qe2 d5 18. exd5 Rxd5 19. Rad1 Rfd7 20. Rxd5 Qxd5
21. Re1 Nc6 22. h3 Rd8 23. Bg5 Re8 24. Qg4 Qd4 25. Re4 Qd6 26. Qh5 Qg6 27. Qxg6
hxg6 28. c3 Re6 29. Kf1 Kf7 30. Ke2 Rd6 31. Bh4 Ke6 32. f4 Kf5 33. fxe5 Nxe5 34.
Re3 Re6 35. g4+ 1-0

[Event "Druzynowe Mistrzostwa Polski Juniorow 2019 - II Liga"]
[Site "Szczyrk"]
[Date "1899-12-30"]
[Round "7.93"]
[White "Bartuzi, Krzysztof"]
[Black "Wojtasik, Szymon"]
[Result "0-1"]
[WhiteTitle "II+"]
[BlackTitle "II"]
[WhiteElo "1392"]
[BlackElo "1511"]

1. e4 c5 2. Nf3 Nc6 3. d4 cxd4 4. Nxd4 g6 5. Nc3 Bg7 6. Be3 Nf6 7. Bc4 O-O 8. Bb3
Re8 9. O-O d6 10. h3 Na5 11. Qd2 b6 12. Rfd1 Bb7 13. f3 Qc8 14. Qe2 a6 15. Qf2
Nc4 16. Na4 Nxe3 17. Qxe3 Nd7 18. Ne2 b5 19. Nac3 Qc5 20. Qxc5 Nxc5 21. Bd5 Rac8
22. a3 Bxd5 23. Rxd5 Nd7 24. f4 Rc4 25. Rd2 Nc5 26. Rad1 Nxe4 27. Nxe4 Rxe4 28.
c3 Rc8 29. g3 a5 30. Nc1 b4 31. cxb4 axb4 32. a4 Rec4 33. Na2 b3 34. Nc3 Bxc3
35. bxc3 Rxa4 36. Rd4 Rxd4 37. cxd4 b2 0-1

[Event "Druzynowe Mistrzostwa Polski Juniorow 2019 - II Liga"]
[Site "Szczyrk"]
[Date "1899-12-30"]
[Round "7.94"]
[White "Chrobot, Tomasz"]
[Black "Bartuzi, Michal"]
[Result "1/2-1/2"]
[WhiteTitle "III"]
[BlackTitle "II+"]
[WhiteElo "1246"]
[BlackElo "1193"]

1. e4 c5 2. Nc3 Nc6 3. d3 g6 4. g3 Bg7 5. Bg2 d6 6. Be3 Nf6 7. Nge2 Be6 8. Qd2
Ng4 9. O-O Nxe3 10. Qxe3 O-O 11. Rab1 Qd7 12. Qd2 Bh3 13. f4 Bxg2 14. Kxg2 f5
15. exf5 Qxf5 16. Rfe1 Rae8 17. Ne4 b6 18. N2c3 Nd4 19. Ne2 Qd5 20. b3 h5 21.
Nxd4 Bxd4 22. c4 Qf5 23. Re2 d5 24. Ng5 dxc4 25. bxc4 e5 26. Rbe1 Rf6 27. Nf3
Rfe6 28. Nxd4 exd4 29. Kf3 Qg4+ 30. Kf2 Qf5 31. Kf3 Qg4+ 1/2-1/2

[Event "Druzynowe Mistrzostwa Polski Juniorow 2019 - II Liga"]
[Site "Szczyrk"]
[Date "1899-12-30"]
[Round "7.95"]
[White "Mirowska, Oliwia"]
[Black "Matyjasek, Michalina"]
[Result "1-0"]
[WhiteTitle "I++"]
[BlackTitle "I"]
[WhiteElo "1735"]
[BlackElo "1323"]

1. f4 c5 2. Nf3 Nc6 3. g3 g6 4. d3 Bg7 5. c3 e6 6. Bg2 Nge7 7. e4 O-O 8. O-O b6
9. Na3 Ba6 10. Re1 d6 11. Nh4 Rc8 12. Nc2 b5 13. f5 exf5 14. exf5 Bf6 15. fxg6
hxg6 16. Bh6 Re8 17. Nf3 Qc7 18. Ne3 b4 19. Rc1 Qa5 20. Ng4 Bg7 21. Bxg7 Kxg7
22. Qd2 Nf5 23. Nh4 Rh8 24. Nxf5+ gxf5 25. Qg5+ Kf8 26. Qf6 Rh7 27. Qxf5 Rh8 28.
Qf6 Rh7 29. Qxd6+ Kg7 30. Bxc6 Qc7 31. Qf6+ Kf8 32. Ne5 Kg8 33. Be4 Rg7 34. Qxa6
bxc3 35. bxc3 Re8 36. d4 Re6 37. Qb5 cxd4 38. cxd4 Qe7 39. Rc8+ Qe8 40. Rxe8+
Rxe8 41. Qxe8# 1-0

[Event "Druzynowe Mistrzostwa Polski Juniorow 2019 - II Liga"]
[Site "Szczyrk"]
[Date "1899-12-30"]
[Round "7.96"]
[White "Zajac, Aleksandra"]
[Black "Hals, Emilia"]
[Result "1/2-1/2"]
[WhiteTitle "II"]
[BlackTitle "I"]
[WhiteElo "1136"]
[BlackElo "1346"]

1. e4 d5 2. exd5 Qxd5 3. Nc3 Qd6 4. Bc4 Nf6 5. d3 a6 6. a3 b5 7. Ba2 Bb7 8. Nf3
g6 9. h3 Bg7 10. Bg5 O-O 11. Bh4 c5 12. Bg3 Qb6 13. Qe2 e6 14. O-O Nbd7 15. Rfe1
Nd5 16. Nxd5 exd5 17. Rab1 Nf6 18. Qd2 c4 19. c3 Rfe8 20. Kf1 Red8 21. Rbd1 Rac8
22. Bb1 Re8 23. Bc2 Rxe1+ 24. Rxe1 cxd3 25. Bxd3 Ne4 26. Qf4 Nxg3+ 27. Qxg3 d4
28. Nxd4 Bxd4 29. cxd4 Qxd4 30. Rb1 Be4 31. Bxe4 Qxe4 32. Re1 Qf5 33. Qb3 Rc6
1/2-1/2

[Event "Druzynowe Mistrzostwa Polski Juniorow 2019 - II Liga"]
[Site "Szczyrk"]
[Date "1899-12-30"]
[Round "7.97"]
[White "Burzak, Wojciech"]
[Black "Drozdzal, Michal"]
[Result "1-0"]
[WhiteTitle "I"]
[BlackTitle "II+"]
[WhiteElo "1705"]
[BlackElo "1447"]

1. e4 c5 2. Nf3 Nc6 3. d4 cxd4 4. Nxd4 Nf6 5. Nc3 e5 6. Ndb5 d6 7. Bg5 a6 8. Na3
b5 9. Bxf6 gxf6 10. Nd5 f5 11. c3 Bg7 12. exf5 Bxf5 13. Nc2 O-O 14. Nce3 Bg6 15.
h4 f5 16. h5 Be8 17. g4 f4 18. Nf5 Ra7 19. Bd3 Bf7 20. Qf3 Be6 21. Qe4 Bxf5 22.
gxf5 Bh6 23. f6 Rff7 24. Rg1+ Kh8 25. O-O-O Rab7 26. Rg4 Qf8 27. Ne7 Rbxe7 28.
fxe7 Nxe7 29. Rdg1 Nf5 30. Rg8+ Qxg8 31. Rxg8+ Kxg8 32. Qa8+ Kg7 33. Qxa6 d5 34.
Bxf5 Rxf5 35. Qb7+ Rf7 36. Qxd5 Re7 37. Qe4 Kf6 38. f3 Kg5 39. b3 Kxh5 40. Qf5+
Bg5 41. a4 bxa4 42. bxa4 Ra7 43. Qxe5 Re7 44. Qf5 h6 45. a5 Re3 46. Qh3+ Kg6 47.
Kc2 h5 48. a6 Bf6 49. Qg2+ Kh6 50. Qd2 1-0

[Event "Druzynowe Mistrzostwa Polski Juniorow 2019 - II Liga"]
[Site "Szczyrk"]
[Date "1899-12-30"]
[Round "7.98"]
[White "Tomkiewicz, Jakub"]
[Black "Skowron, Mateusz"]
[Result "0-1"]
[WhiteTitle "II"]
[BlackTitle "I"]
[WhiteElo "1270"]
[BlackElo "1594"]

1. f4 d5 2. Nf3 g6 3. g3 Bg7 4. c3 Nh6 5. Bg2 O-O 6. d4 Nf5 7. O-O b6 8. Ne5 Bb7
9. Bh3 e6 10. Bg2 c5 11. dxc5 bxc5 12. Nd3 Qc7 13. Re1 Nd7 14. Nf2 Nf6 15. e4
dxe4 16. Nxe4 Nxe4 17. Bxe4 Bxe4 18. Rxe4 Rfd8 19. Qf1 Rd7 20. Re1 Rad8 21. Nd2
Rxd2 22. Bxd2 Rxd2 23. Re2 Qd6 24. Rxd2 Qxd2 25. Qf2 Qd5 26. Qe2 h5 27. Kf2 Bf6
28. a3 c4 29. Rd1 Qc5+ 30. Kf3 Qb5 31. Rd2 Qb3 32. Qe4 Kg7 33. Qa8 Bxc3 34. bxc3
Qxc3+ 35. Ke2 Nd4+ 36. Rxd4 Qxd4 37. Qb8 Qd3+ 38. Ke1 Qe3+ 39. Kd1 Kf6 40. Qd8+
Kf5 41. Qa5+ Ke4 42. Qc7 Kd3 43. Qd6+ Qd4 44. Qxd4+ Kxd4 45. Kd2 f6 46. a4 e5
47. h4 e4 48. a5 c3+ 49. Kd1 Kd3 50. Kc1 e3 51. Kd1 c2+ 52. Kc1 Kc3 53. a6 e2
54. f5 e1=R# 0-1

[Event "Druzynowe Mistrzostwa Polski Juniorow 2019 - II Liga"]
[Site "Szczyrk"]
[Date "1899-12-30"]
[Round "7.99"]
[White "Celebias, Filip"]
[Black "Futyma, Dawid"]
[Result "1/2-1/2"]
[WhiteTitle "II"]
[BlackTitle "II"]
[WhiteElo "1380"]
[BlackElo "1073"]

1. e4 c6 2. d4 d5 3. Nc3 dxe4 4. Nxe4 Nf6 5. Nxf6+ exf6 6. Nf3 Bd6 7. Be2 O-O 8.
O-O Bg4 9. c4 c5 10. dxc5 Bxc5 11. Bf4 Nc6 12. a3 a5 13. Qc2 Qb6 14. Bg3 Rad8
15. Rfd1 Bxf3 16. Bxf3 Nd4 17. Qa4 Nxf3+ 18. gxf3 Rxd1+ 19. Rxd1 Qxb2 20. Qxa5
Qxa3 21. Qxa3 Bxa3 22. Rb1 h6 23. Rxb7 Rc8 24. Rb8 Rxb8 25. Bxb8 Bc5 26. Bf4 Kf8
27. h3 Ke7 28. Kf1 Kd7 29. Ke2 Kc6 30. Bd2 f5 31. Bc3 g6 32. Bg7 1/2-1/2

[Event "Druzynowe Mistrzostwa Polski Juniorow 2019 - II Liga"]
[Site "Szczyrk"]
[Date "1899-12-30"]
[Round "7.100"]
[White "Tomkiewicz, Szymon"]
[Black "Grodzicki, Piotr"]
[Result "1/2-1/2"]
[WhiteTitle "II"]
[BlackTitle "II"]
[WhiteElo "1092"]
[BlackElo "1204"]

1. e4 d6 2. d4 Nf6 3. Nc3 e5 4. dxe5 dxe5 5. Qxd8+ Kxd8 6. Bg5 c6 7. O-O-O Kc7
8. Bc4 Be6 9. Bxe6 fxe6 10. Nf3 Nbd7 11. Rd2 Bb4 12. Rhd1 Rhd8 13. Rd3 h6 14.
Bxf6 gxf6 15. a3 Bc5 16. R3d2 Nf8 17. Na4 Be7 18. Rxd8 Rxd8 19. Rxd8 Kxd8 20.
Kd2 Ng6 21. g3 b5 22. Nc3 Bc5 23. Ke2 Ke7 24. h3 Bb6 25. Nh2 f5 26. exf5 exf5
27. Nf3 Kf6 28. b3 Ne7 29. a4 a6 30. axb5 axb5 31. h4 Ng6 32. Na2 Ne7 33. c4 bxc4
34. bxc4 Ba5 35. Nd2 Bb6 36. Nb3 Ke6 37. Nc3 Ba7 1/2-1/2

[Event "Druzynowe Mistrzostwa Polski Juniorow 2019 - II Liga"]
[Site "Szczyrk"]
[Date "1899-12-30"]
[Round "7.101"]
[White "Mytnik, Kinga"]
[Black "Mazurek, Maja"]
[Result "1-0"]
[WhiteTitle "I"]
[BlackTitle "I"]
[WhiteElo "1604"]
[BlackElo "1294"]

1. d3 d5 2. Nd2 e5 3. e4 c6 4. Ngf3 Bd6 5. Be2 Nf6 6. c3 O-O 7. O-O h6 8. Qc2 Be6
9. Re1 Nbd7 10. b4 Rc8 11. a3 b6 12. c4 d4 13. Nf1 c5 14. Bd2 Re8 15. b5 Nf8 16.
Ng3 Ng6 17. a4 Bc7 18. h3 Qd7 19. Bf1 Ra8 20. a5 Rab8 21. axb6 Bxb6 22. Ra6 Kh7
23. Rea1 Rb7 24. Ba5 Nf4 25. Nxe5 Qc7 26. Nf3 Ng6 27. Bd2 Rbb8 28. Qc1 Rbd8 29.
Be2 Bc8 30. R6a2 Qe7 31. Nh2 Ne5 32. Qd1 Qd7 33. Bc1 Kg8 34. Nh5 Nxh5 35. Bxh5
Qe7 36. f4 Nd7 37. Bg4 Nf6 38. Bxc8 Rxc8 39. Nf3 Nd7 40. Qe1 Kh7 41. Nh4 g6 42.
Nf3 Kg7 43. Qd2 Kh7 44. Qf2 Kg7 45. Nd2 Kh7 46. Nb3 Ra8 47. Bd2 Nf6 48. Ba5 Rab8
49. Nd2 Qc7 50. e5 Ng8 1-0

[Event "Druzynowe Mistrzostwa Polski Juniorow 2019 - II Liga"]
[Site "Szczyrk"]
[Date "1899-12-30"]
[Round "7.102"]
[White "Futyma, Klaudia"]
[Black "Szewczuk, Aleksandra"]
[Result "1/2-1/2"]
[WhiteTitle "II"]
[BlackTitle "I"]
[WhiteElo "1000"]
[BlackElo "1218"]

1. e4 c6 2. d4 d5 3. e5 Bf5 4. Nf3 e6 5. Be2 Nd7 6. O-O Ne7 7. Bd3 Bxd3 8. Qxd3
c5 9. c3 Nc6 10. Be3 c4 11. Qc2 Be7 12. Nbd2 O-O 13. Rfe1 b5 14. a3 a5 15. b4
axb4 16. axb4 Nb6 17. Nf1 Na4 18. Ng3 Ra7 19. Rab1 Qd7 20. h3 Rfa8 21. Nh2 Nb6
22. f4 Bh4 23. Bf2 Ne7 24. Nf3 Bxg3 25. Bxg3 Nf5 26. Bf2 Ra2 27. Qc1 Kf8 28. Rb2
Ke8 29. Rxa2 Rxa2 30. Qb1 Qa7 31. Qd1 h6 32. Qc1 Kd7 33. Nh4 Nxh4 34. Bxh4 Kc6
35. Qe3 Ra3 36. Rc1 Ra1 37. Rxa1 Qxa1+ 38. Kh2 Na4 39. Be1 Qb1 40. Kg1 Nb2 41.
Kh2 Qd3 42. Qd2 Na4 1/2-1/2

[Event "Druzynowe Mistrzostwa Polski Juniorow 2019 - II Liga"]
[Site "Szczyrk"]
[Date "1899-12-30"]
[Round "7.103"]
[White "Radecki, Adam"]
[Black "Poziomkowski, Szymon"]
[Result "1/2-1/2"]
[WhiteTitle "I"]
[BlackTitle "I"]
[WhiteElo "1803"]
[BlackElo "1816"]

1. e4 c5 2. Nf3 e6 3. d4 cxd4 4. Nxd4 a6 5. c4 Nf6 6. Nc3 Qc7 7. Be2 Bb4 8. Qc2
Nc6 9. Nxc6 dxc6 10. Bd2 e5 11. O-O Bc5 12. Bg5 Be6 13. Kh1 Nd7 14. Rad1 O-O 15.
b3 b5 16. Nb1 Qb6 17. Bh4 b4 18. Qd3 Bd4 19. Qg3 f6 20. Bg4 Nc5 21. Bxe6+ Nxe6
22. Qg4 Nc5 23. f4 Qc7 24. f5 a5 25. Rf3 a4 26. Be1 axb3 27. axb3 Rfb8 28. Rh3
Qf7 29. Qh4 h6 30. Bd2 Kf8 31. Qe1 Na6 32. Rg3 c5 33. Rg6 Ke7 34. Qg3 Rg8 35.
h3 Nc7 1/2-1/2

[Event "Druzynowe Mistrzostwa Polski Juniorow 2019 - II Liga"]
[Site "Szczyrk"]
[Date "1899-12-30"]
[Round "7.104"]
[White "Kartasiewicz, Igor"]
[Black "Distel, Pawel"]
[Result "0-1"]
[WhiteTitle "II"]
[BlackTitle "I"]
[WhiteElo "1000"]
[BlackElo "1675"]

1. e4 e6 2. d4 d5 3. e5 c5 4. c3 Nc6 5. Nf3 Bd7 6. b3 Nge7 7. Be3 Nf5 8. Bd3 cxd4
9. cxd4 Bb4+ 10. Ke2 h6 11. Qc2 Rc8 12. Qb2 O-O 13. h4 Be7 14. g3 Nb4 15. Rc1
Nxd3 16. Kxd3 Bb5+ 17. Kd2 Rxc1 18. Qxc1 Qa5+ 19. Kd1 Qa6 20. Ng1 b6 21. Nc3 Rc8
22. a4 Bf1 23. Qb2 Nxe3+ 24. fxe3 Qd3+ 25. Qd2 Rxc3 26. Qxd3 Bxd3 27. Rc1 Rxb3
28. Nf3 Bb4 29. Ne1 Bc4 30. Nf3 Rb2 31. Ng1 Bb3+ 0-1

[Event "Druzynowe Mistrzostwa Polski Juniorow 2019 - II Liga"]
[Site "Szczyrk"]
[Date "1899-12-30"]
[Round "7.105"]
[White "Kubik, Rafal"]
[Black "Cwiek, Ryszard"]
[Result "0-1"]
[WhiteTitle "II+"]
[BlackTitle "I"]
[WhiteElo "1473"]
[BlackElo "1728"]

1. e4 d6 2. d4 Nf6 3. Nc3 g6 4. f4 Bg7 5. Nf3 Bg4 6. Bd3 Nbd7 7. O-O O-O 8. e5
Ne8 9. h3 Bxf3 10. Qxf3 c6 11. Bd2 Qb6 12. Qf2 Rd8 13. b3 dxe5 14. dxe5 Qxf2+
15. Rxf2 Nc5 16. Bf1 f6 17. Be3 Nd7 18. Bc4+ Kh8 19. e6 Nb6 20. Bxb6 axb6 21.
Rd1 Rxd1+ 22. Nxd1 b5 23. Bd3 f5 24. Kf1 Nc7 25. Re2 Rf6 26. c4 bxc4 27. Bxc4
b5 28. Bd3 Rxe6 29. Rxe6 Nxe6 30. g3 Bd4 31. Nf2 Nc5 32. Bc2 Kg7 33. g4 Kf6 34.
Ke2 e5 35. fxe5+ Bxe5 36. gxf5 gxf5 37. Nd3 Ne6 38. Nxe5 Kxe5 39. Kf2 b4 40. h4
Kf4 41. Bd3 Nc5 42. Bc4 Ne4+ 43. Ke2 Nc3+ 0-1